000
00229 a2200097 4500
001
54577
100
_a
Ghahramani, Saeed
245
_a
Fundamentals of Probability
260
_a
[p p]
_b
[n p]
_c
2000
090
_c
33950
_d
33950
942
_a
NUST-CAE
_c
MONOGRAPH
_c
26614
999
_c
289650
_d
289650